000 00382nam a22001697a 4500
005 20160528092355.0
008 160528b xxu||||| |||| 00| 0 eng d
020 _a81-203-2352-1
041 _aeng
082 _b5578
100 _aStraus, Judy & Others
_91408
245 _aE-Marketing
260 _aNew Delhi
_bPHI,
300 _a517
650 _aManagement
_9241
942 _cBK
999 _c1994
_d1993